|
|
|
|
| LEADER |
00000nam0a2200000 4500 |
| 001 |
57479 |
| 005 |
20231031054246.0 |
| 010 |
|
|
|a 5724511932
|
| 035 |
|
|
|a (RuTPU)RU\TPU\book\60645
|
| 090 |
|
|
|a 57479
|
| 100 |
|
|
|a 20031105d2000 k y0rusy50 ca
|
| 101 |
0 |
|
|a rus
|
| 102 |
|
|
|a RU
|
| 105 |
|
|
|a a z 001zy
|
| 200 |
1 |
|
|a Будущее открывается квантовым ключом
|e Сборник статей академика Р. Ф. Авраменко
|f Под ред. В. И. Николаевой; А. С. Пащины
|
| 210 |
|
|
|a Москва
|c Химия
|d 2000
|
| 215 |
|
|
|a 352 с.
|c ил.
|
| 320 |
|
|
|a Библиография: с. 332-339
|
| 610 |
1 |
|
|a физика
|
| 610 |
1 |
|
|a квантовая теория
|
| 610 |
1 |
|
|a квантовая энергия
|
| 610 |
1 |
|
|a Бозе-конденсат
|
| 610 |
1 |
|
|a гиперсфера
|
| 610 |
1 |
|
|a голографические свойства
|
| 610 |
1 |
|
|a вещества
|
| 610 |
1 |
|
|a волновые свойства
|
| 610 |
1 |
|
|a биоэнергетика
|
| 610 |
1 |
|
|a длина
|
| 610 |
1 |
|
|a одновременность
|
| 610 |
1 |
|
|a измерения
|
| 610 |
1 |
|
|a метеорные явления
|
| 610 |
1 |
|
|a пирамиды
|
| 610 |
1 |
|
|a электродинамика
|
| 610 |
1 |
|
|a шаровые молнии
|
| 610 |
1 |
|
|a динамические среды
|
| 610 |
1 |
|
|a микроплазменные разряды
|
| 610 |
1 |
|
|a плазма
|
| 610 |
1 |
|
|a плазменные образования
|
| 610 |
1 |
|
|a альтернативные энергоносители
|
| 610 |
1 |
|
|a лазерная биостимуляция
|
| 610 |
1 |
|
|a энергия
|
| 610 |
1 |
|
|a информация
|
| 610 |
1 |
|
|a изображения
|
| 610 |
1 |
|
|a передача
|
| 675 |
|
|
|a 530.145
|v 3
|
| 702 |
|
1 |
|a Николаева
|b В. И.
|g Валентина Ивановна
|4 340
|
| 702 |
|
1 |
|a Пащина
|b А. С.
|g Анатолий Семенович
|4 340
|
| 801 |
|
1 |
|a RU
|b 63413507
|c 20031105
|g PSBO
|
| 801 |
|
2 |
|a RU
|b 63413507
|c 20200825
|g PSBO
|
| 942 |
|
|
|c BK
|